Kryminalistyka

Gespeichert in:  
Bibliographische Detailangaben
1. VerfasserIn: Widacki, Jan (Bearbeitung, BeteiligteR)
Beteiligte: Białek, Irena
Medienart: Druck Buch
Sprache:Polnisch
Veröffentlicht: Warszawa Beck 1999
In:Jahr: 1999
Bestand in Tübingen:In Tübingen vorhanden.
UB: KB 19 A 7999
Verfügbarkeit prüfen: HBZ Gateway
Subito Bestelldienst: Jetzt bestellen.

MARC

LEADER 00000cam a22000002c 4500
001 1604754249
003 DE-627
005 20220605110625.0
007 tu
008 990720s1999 xx ||||| 00| ||pol c
020 |a 8371108052  |9 83-7110-805-2 
035 |a (DE-627)1604754249 
035 |a (DE-576)078779286 
035 |a (DE-599)BSZ078779286 
035 |a (OCoLC)41593072 
040 |a DE-627  |b ger  |c DE-627  |e rakwb 
041 |a pol 
245 0 0 |a Kryminalistyka  |c Irena Białek ...; pod. red. Jana Widackiego 
264 1 |a Warszawa  |b Beck  |c 1999 
300 |a XXVII, 401 S.  |b Ill.  |c graph. Darst. 
336 |a Text  |b txt  |2 rdacontent 
337 |a ohne Hilfsmittel zu benutzen  |b n  |2 rdamedia 
338 |a Band  |b nc  |2 rdacarrier 
490 0 |a Studia prawnicze 
583 1 |a Archivierung prüfen  |c 20200919  |f DE-640  |z 2  |2 pdager 
700 1 |a Widacki, Jan  |e Red.  |4 adp 
700 1 |a Białek, Irena  |4 oth 
951 |a BO 
ELC |b 1 
LOK |0 000 xxxxxcx a22 zn 4500 
LOK |0 001 3105613455 
LOK |0 003 DE-627 
LOK |0 004 1604754249 
LOK |0 005 20000406000000 
LOK |0 008 000310||||||||||||||||ger||||||| 
LOK |0 040   |a DE-21  |c DE-627  |d DE-21 
LOK |0 852   |a DE-21 
LOK |0 852 1  |c KB 19 A 7999  |9 00 
LOK |0 935   |a krim 
LOK |0 936ln  |a k4.5.1.3.1 
LOK |0 939   |a 10-03-00  |b l01 
ORI |a SA-MARC-krimdoka001.raw 
SIG |a UB: KB 19 A 7999